Leyes Nº 20.451 a 20.475: decretos con fuerza de ley. Tratados internacionales-sumario

Uloženo v:
Podrobná bibliografie
Médium: Kniha
Jazyk:španělština
Vydáno: Santiago Jurídica de Chile 2011
Vydání:1a. ed
Edice:Colección Textos Legales, 190
Témata:
Tagy: Přidat tag
Žádné tagy, Buďte první, kdo vytvoří štítek k tomuto záznamu!

MARC

LEADER 00000cam a2200000 a 4500
001 UCG9638
003 CL-VaPUC
008 120323e20111200CL |||||||||||||||||spa|d
020 |a 9789561021549 
082 0 4 |a 348.022  |b LEY  |2 21 
245 1 0 |a Leyes Nº 20.451 a 20.475: decretos con fuerza de ley. Tratados internacionales-sumario 
250 |a 1a. ed 
300 |a 278 p 
942 |c BK 
945 |d 20120323 00:00:00  |a dcastane 
260 |a Santiago  |b Jurídica de Chile  |c 2011 
650 0 |a Tratados internacionales   |9 256056 
650 7 |a DERECHO INTERNACIONAL PUBLICO  |2 CL-VaPUC  |9 561261 
650 0 |a Tribunal constitucional   |9 255000 
650 0 |a Derechos humanos  |9 223025 
650 7 |a COMPILACIONES  |2 CL-VaPUC  |9 556303 
583 |a last modification  |c 20120323 11:52:00  |k Rodrigo Vera 
490 0 |a Colección Textos Legales, 190 
999 |c 347184  |d 347182